Szczegóły MARC21

Les origines du langage /

005 -DATA I CZAS OSTATNIEJ MODYFIKACJI [,]
    • @
    • pole kontrolne
    • 20090722120242.0
020 -Międzynarod. znormalizowany nr książki - ISBN [ , ]
    • a
    • Numer ISBN
    • 2746502666 Find
040 -Instytucja sporządzająca opis [ , ]
    • a
    • Instytucja, która sporządziła opis (NP)
    • SZCZ U/SA
    • c
    • Instytucja, która sporządziła rekord (NP)
    • SZCZ U/SA
    • d
    • Instytucja, która zmodyfikowała rekord (P)
    • SZCZ U/AP
041 -Język dokumentu [0, ]
    • a
    • Język tekstu (P)
    • francuski
044 -Kraj miejsca wydania [ , ]
    • a
    • Kraj miejsca wydania
    • Francja
942 -Rodzaj dokumentu [ , ]
    • c
    • Rodzaj dokumentu
    • Książka
100 -Hasło główne - nazwa osobowa [1, ]
    • a
    • Nazwa osobowa (NP)
    • Dessalles, Jean-Louis.
245 -Strefa tytułu i oznaczenia odpowiedzialności [1,4]
    • a
    • Tytuł
    • Les origines du langage / Find
    • c
    • Pozostałe elementy strefy tytułu i oznaczenia odpowiedzialności (NP)
    • Jean-Louis Dessalles, Pascal Picq, Bernard Victorri.
260 -Strefa adresu wydawniczego [ , ]
    • a
    • Miejsce wydania (P)
    • Paris :
    • b
    • Nazwa wydawcy (P)
    • Éditions Le Pommier ;
    • b
    • Nazwa wydawcy (P)
    • Cité des sciences et de l'industrie,
    • c
    • Data wydania (P)
    • cop. 2006.
300 -Strefa opisu fizycznego [ , ]
    • a
    • Określenie formy książki i/lub objętość (NP)
    • 190 s. ;
    • c
    • Format (NP)
    • 16 cm.
440 -Strefa serii i książki wielotomowej - forma do wyszukiwania [ ,3]
    • a
    • Tytuł (NP)
    • Le Collège de la cité. Find
    • p
    • Nazwa części/podserii/sekcji (P)
    • Les origines de la culture
    • x
    • ISSN (NP)
    • 1761-4155
    • v
    • Numeracja (NP)
    • 21
504 -Uwaga dot. bibliogr. załącznikowej [ , ]
    • a
    • Uwaga dot. bibliografii załącznikowej
    • Bibliogr.
080 -Uniwersalna Klasyfikacja Dziesiętna [ , ]
    • 2
    • Identyfikator wydania tablic
    • UDC-P058
    • a
    • Symbol klasyfikacji
    • 81(091)
    • b
    • Dopowiedzenie
    • Historia języka (ogólna).
    • x
    • Poddział wspólny
    • =133.1
    • b
    • Dopowiedzenie
    • =Język francuski.
080 -Uniwersalna Klasyfikacja Dziesiętna [ , ]
    • 2
    • Identyfikator wydania tablic
    • UDC-P058
    • a
    • Symbol klasyfikacji
    • 81’01
    • b
    • Dopowiedzenie
    • Okres archaiczny. Prajęzyk, praformy języka, stary język.
    • x
    • Poddział wspólny
    • =133.1
    • b
    • Dopowiedzenie
    • =Język francuski.
080 -Uniwersalna Klasyfikacja Dziesiętna [ , ]
    • 2
    • Identyfikator wydania tablic
    • UDC-P058
    • a
    • Symbol klasyfikacji
    • 569.89
    • b
    • Dopowiedzenie
    • Paleoantropologia. Człowiek kopalny.
    • x
    • Poddział wspólny
    • =133.1
    • b
    • Dopowiedzenie
    • =Język francuski.
080 -Uniwersalna Klasyfikacja Dziesiętna [ , ]
    • 2
    • Identyfikator wydania tablic
    • UDC-P058
    • a
    • Symbol klasyfikacji
    • 575.8
    • b
    • Dopowiedzenie
    • Ewolucja. Powstawanie gatunków (specjacja). Filogeneza. Walka o byt.
    • x
    • Poddział wspólny
    • =133.1
    • b
    • Dopowiedzenie
    • =Język francuski.
080 -Uniwersalna Klasyfikacja Dziesiętna [ , ]
    • 2
    • Identyfikator wydania tablic
    • UDC-P058
    • a
    • Symbol klasyfikacji
    • 591.5
    • b
    • Dopowiedzenie
    • Sposób życia zwierząt. Zwierzę i świat otaczający. Ekologia zwierząt. Etologia. Bionomia. Socjologia zwierząt. Symbioza. Wspólnoty zwierząt. Ślady zwierząt.
    • x
    • Poddział wspólny
    • =133.1
    • b
    • Dopowiedzenie
    • =Język francuski.
980 -Symbol UKD [ , ]
    • a
    • UKD
    • 81(091):81’01:569.89:575.8:591.5]=133.1
700 -Hasło dodatkowe - nazwa osobowa [1, ]
    • a
    • Nazwa osobowa (NP)
    • Picq, Pascal Find
    • d
    • Daty biograficzne (NP)
    • (1954- ).
700 -Hasło dodatkowe - nazwa osobowa [1, ]
    • a
    • Nazwa osobowa (NP)
    • Victorri, Bernard. Find
920 -ISBN [ , ]
    • a
    • ISBN
    • 2-7465-0266-6 Find
Sygnatura Numer inwentarzowy Status udost. Data inwentaryzacji Lokalizacja
FR. Historia jęz. franc. 05A.848012009-06-09BM